Loading...
Ancient History and Archaeology | 2 | 15.00 | 100% | 50% | 0% |
Beliefs | 8 | 13.75 | 100% | 25% | 13% |
British and Commonwealth History | 4 | 7.50 | 75% | 0% | 0% |
Current Events | 1 | 20.00 | 100% | 100% | 0% |
Fine Arts - Auditory Fine Arts | 4 | 10.00 | 100% | 0% | 0% |
Fine Arts - Visual Fine Arts | 1 | 10.00 | 100% | 0% | 0% |
Geography | 3 | 23.33 | 100% | 67% | 67% |
History - American History | 3 | 10.00 | 100% | 0% | 0% |
History - European History | 4 | 12.50 | 75% | 25% | 25% |
History - World History | 2 | 10.00 | 100% | 0% | 0% |
Literature - American Literature | 9 | 6.67 | 56% | 11% | 0% |
Literature - British Literature | 3 | 0.00 | 0% | 0% | 0% |
Literature - European Literature | 4 | 7.50 | 75% | 0% | 0% |
Other Arts: Auditory | 2 | 10.00 | 100% | 0% | 0% |
Other Arts: Visual | 1 | 10.00 | 100% | 0% | 0% |
Other Science: Computer Science | 1 | 10.00 | 100% | 0% | 0% |
Other Science: Earth Science | 2 | 15.00 | 100% | 0% | 50% |
Philosophy | 3 | 6.67 | 67% | 0% | 0% |
Science - Biology | 1 | 10.00 | 100% | 0% | 0% |
Science - Chemistry | 5 | 18.00 | 100% | 60% | 20% |
Science - Physics | 4 | 20.00 | 100% | 75% | 25% |
Social Science | 3 | 6.67 | 33% | 33% | 0% |
World and Other Literature | 6 | 10.00 | 83% | 17% | 0% |